Statistiques concernant Les 20 préfectures les plus proches de Charleville-Mézières

Cliquez ici pour prendre le quiz!

Statistiques générales

  • Ce quiz a été pris 82 fois
    (25 depuis la dernière actualisation)
  • Le résultat moyen est 17 sur 20

Statistiques - réponses

distance (en km)ville préfecture% Correct
175Amiens
100%
152Lille
100%
128Metz
100%
160Nancy
100%
202Paris
100%
150Arras
88%
95Chalons en Champagne
88%
171Troyes
88%
116Bar le Duc
84%
218Epinal
84%
203Melun
84%
207Nanterre
84%
194Beauvais
80%
188Chaumont
80%
83Laon
80%
217Versailles
80%
210Cergy-Pontoise
76%
191Bobigny
72%
199Creteil
72%
209Evry Courcouronnes
72%

Distribution des résultats

Percentile par nombre de réponses

% des personnes avec chaque résultat

Votre développement - résultats

Vous n’avez pas pris ce quiz depuis la dernière actualisation